00536nam a2200169Ia 450000500170000000800410001702000150005808200130007310000130008624500420009926000340014130000130017550000620018894200060025095200950025699900150035120241030050140.0240331s9999 xx 000 0 und d a8170461383 bDEVa823 aDevi , M 0aRudali :bfrom fiction to performance aCalcuttabSeagull Booksc1997 a154 p ., a'Rudali is a power short story written by Mahasweta Devi cL 001040708LaWERCLbWERCLcSSCd2024-03-31l0o 823 DEVp2580r2024-03-31w2024-03-31yL c3320d3320